000 00252nam a2200097Ia 4500
008 220204s9999 xx 000 0 und d
082 _a058(1-4)
_bCOM
245 4 _aThe commonwealth yearbook 2003
260 _aUK
_bThe Stationery Office
_c2002
942 _cBK
999 _c44086
_d44086